000 00683nam a22001817a 4500
003 UA-OsUOA
001 13646
007 ta
008 20030611b un ||||| |||| 00| 0 ukr d
100 _aБасараба В.
942 _cSA
040 _aUA-OsUOA
_cUA-OsUOA
_dUA-OsUOA
245 _aВісімнадцята її весна: [Про воєн. юність учасниці бойових дій О.Ф.Пасічник , яка після війни працювала в Рівнен. обл. дит. б-ці]
300 _aС.4
955 _a0
773 0 _w0
_tВільне слово
_dРівне
_d2003
_g№35-36/8 трав./
650 7 _aКраєзнавча робота
_2UDC
999 _c299807
_d299807